| 000 | 00804nas a2200265 454500 | ||
|---|---|---|---|
| 001 | 41519 | ||
| 005 | 20260407193510.0 | ||
| 008 | 260407s1999####ag###########|||spa#d | ||
| 003 | AR-UNSa-BCEJYS | ||
| 040 |
_aAR-UNSa-BCEJYS _bspa _cAR-UNSa-BCEJYS |
||
| 080 |
_a347.72 _xSociedades comerciales |
||
| 245 | 1 | 0 | _aRevista de las sociedades y concursos |
| 022 | _a1514-9064 | ||
| 264 | 1 |
_aBuenos Aires : _bAD-HOC _c1999 |
|
| 310 | _aFrecuencia: bimestral | ||
| 041 | _aspa | ||
| 942 | _cSER | ||
| 590 | _aniveau_biblio:s niveau_hierar:1 | ||
| 100 | 1 | _aNissen, Ricardo Augusto | |
| 650 | _aContratos | ||
| 650 | _aSOCIEDADES COMERCIALES | ||
| 650 | _aJURISPRUDENCIA | ||
| 650 | _aDERECHO CONCURSAL | ||
| 856 | 4 | 1 |
_uhttps://biblioeco.unsa.edu.ar/pmb/images/revistas/R20711.jpg _yImagen de portada _qimage/jpeg |
| 999 |
_c8881 _d8881 |
||